01396nam a22002777a 450000500170000000800410001704000700005804100080012808200250013610000290016124201090019024500960029925000420039526001310043730000370056850003010060550000230090650600210092954600230095060000170097365000180099065000240100865000300103265000250106270000310108720260511141702.0130821s1927 fr fr d fre  aCo-BoUCMbspacSandra Yazo (modificó)dSandra Yazo (modificó)00afre04aFCS 792.1bI17219271 aIbsen, Henrikd1828-190603aLa Dama del marbObra de teatro en cinco actoscHenrik Ibsen ; traudcción y prefacio de M. Prozoryspa00aLa dame de la merbPiece en cinq actescHenrik Ibsen ; traduction et préface de m. Prozor aSixième édition [Sexta edición] aParís (Francia)bLibrairie Académique Perrin [Libería académica Perrin]bImprimerie de Lagny [Imprenta de Lagny]c1927 axvii, 227 páginasc19 x 12 cm. aDetalles físicos: Encuadernación flexible. Anteportada. Portada impresa en una sola tinta. Texto impreso en una sola columna, margenes amplios. Papel con oxidación en bordes, hojas sin refilar. Ejemplar en buen estado de conservación. Transferencia al Archivo Histórico en el año 2025 aFondo Castro Silva aConsulta en sala aTexto en francés aCastro Silva04aDrama noruego07aLiteratura noruega 07aMujeres en la literatura 04aAmorvTeatro noruego1 aProzor, Mauriced1848-1928